00893nam a2200205 a 450000100100000000500170001000800410002704000250006808200200009310000450011324500600015826000460021830000210026459000760028565000360036165000370039791000390043495201970047399900170067000003480020200930073918.0111020s1985 pr 000 p spa d aDO-SdBNPbspacBNPHU aPR861.44bM433r1 aMatos Paoli, Francisco,d1915-20009917310aRomancillos para adolescentes /cFrancisco Matos Paoli. aRío Piedra :bEdiciones Mairena,c1985. a111 p. ;c21 cm. aPerteneció a la biblioteca personal de Juan Isidro Jimenes Grullón. 4aPoesía puertorriqueña91015 4aLiteratura puertorriqueña9250 aValidado. Control de calidad BNPHU 001054708MOaGRbGRcHDd2011-10-20iLF1l0oPR861.44 M433rp34800-10r2020-06-25w2020-06-25y4zPerteneció a la biblioteca personal de Juan Isidro Jimenes GrullónZPréstamo en sala c34291d34291